Organic Stereochemistry (Record no. 5751)
[ view plain ]
| 000 -LEADER | |
|---|---|
| fixed length control field | 00486nam a22001937a 4500 |
| 003 - CONTROL NUMBER IDENTIFIER | |
| control field | OSt |
| 005 - DATE AND TIME OF LATEST TRANSACTION | |
| control field | 20170327125132.0 |
| 008 - FIXED-LENGTH DATA ELEMENTS--GENERAL INFORMATION | |
| fixed length control field | 170327b xxu||||| |||| 00| 0 eng d |
| 020 ## - INTERNATIONAL STANDARD BOOK NUMBER | |
| International Standard Book Number | 0198792751 |
| 040 ## - CATALOGING SOURCE | |
| Transcribing agency | DMLN |
| 082 ## - DEWEY DECIMAL CLASSIFICATION NUMBER | |
| Classification number | 547 ROB 2000 |
| 100 ## - MAIN ENTRY--PERSONAL NAME | |
| Personal name | Robinson, Michael J.T. |
| 9 (RLIN) | 11965 |
| 245 ## - TITLE STATEMENT | |
| Title | Organic Stereochemistry |
| 260 ## - PUBLICATION, DISTRIBUTION, ETC. (IMPRINT) | |
| Place of publication, distribution, etc. | Oxford University Press, 2000 |
| 300 ## - PHYSICAL DESCRIPTION | |
| Extent | 89p; ill: 25cm |
| 504 ## - BIBLIOGRAPHY, ETC. NOTE | |
| Bibliography, etc | Index included |
| 650 ## - SUBJECT ADDED ENTRY--TOPICAL TERM | |
| Topical term or geographic name as entry element | Organic chemistry |
| 9 (RLIN) | 814 |
| 942 ## - ADDED ENTRY ELEMENTS (KOHA) | |
| Source of classification or shelving scheme | Other/Generic Classification Scheme |
| Koha item type | Short Loan |
| Withdrawn status | Lost status | Source of classification or shelving scheme | Damaged status | Not for loan | Home library | Current library | Date acquired | Source of acquisition | Inventory number | Total Checkouts | Full call number | Barcode | Date last seen | Koha item type |
|---|---|---|---|---|---|---|---|---|---|---|---|---|---|---|
| Dewey Decimal Classification | Pharmacy Department Library | Pharmacy Department Library | 27/03/2017 | 11/00005 | 547 ROB 2000 | 2017-0598 | 27/03/2017 | Short Loan | ||||||
| Dewey Decimal Classification | Pharmacy Department Library | Pharmacy Department Library | 27/03/2017 | 11/00006 | 547 ROB 2000 | 2017-0599 | 27/03/2017 | Short Loan | ||||||
| Dewey Decimal Classification | Pharmacy Department Library | Pharmacy Department Library | 27/03/2017 | 11/00007 | 547 ROB 2000 | 2017-0600 | 27/03/2017 | Short Loan | ||||||
| Dewey Decimal Classification | Pharmacy Department Library | Pharmacy Department Library | 27/03/2017 | 11/00008 | 547 ROB 2000 | 2017-0601 | 27/03/2017 | Short Loan |
